Normal view MARC view

Entry Personal Name

Number of records used in: 1

001 - CONTROL NUMBER

  • control field: 9028

003 - CONTROL NUMBER IDENTIFIER

  • control field: DLC

005 - DATE AND TIME OF LATEST TRANSACTION

  • control field: 20220524143600.0

008 - FIXED-LENGTH DATA ELEMENTS

  • fixed length control field: 831201n| azannaabn |a aaa

010 ## - LIBRARY OF CONGRESS CONTROL NUMBER

  • LC control number: n 83175704

016 ## - NATIONAL BIBLIOGRAPHIC AGENCY CONTROL NUMBER

  • Record control number: 1032G1229E

024 7# - OTHER STANDARD IDENTIFIER

  • Standard number or code: 0000000110594007
  • Source of number or code: isni

024 7# - OTHER STANDARD IDENTIFIER

  • Standard number or code: 42522325
  • Source of number or code: viaf

024 7# - OTHER STANDARD IDENTIFIER

  • Standard number or code: Q769477
  • Source of number or code: wikidata

035 ## - SYSTEM CONTROL NUMBER

  • System control number: (OCoLC)oca00995134

040 ## - CATALOGING SOURCE

  • Original cataloging agency: DLC
  • Language of cataloging: eng
  • Description conventions: rda
  • Transcribing agency: DLC
  • Modifying agency: DLC
  • Modifying agency: CaOONL
  • Modifying agency: CLU

042 ## - AUTHENTICATION CODE

  • Authentication code: nlc

046 ## - SPECIAL CODED DATES

  • Birth date: 1946-09-10
  • Source of date scheme: edtf

100 1# - HEADING--PERSONAL NAME

  • Personal name: Taylor, Shelley E.

372 ## - FIELD OF ACTIVITY

  • Field of activity: Social psychology
  • Source of term: lcsh

373 ## - ASSOCIATED GROUP

  • Associated group: University of California, Los Angeles. Department of Psychology
  • Source of term: naf

373 ## - ASSOCIATED GROUP

  • Associated group: Yale University
  • Source of term: naf

374 ## - OCCUPATION

  • Occupation: College teachers
  • Source of term: lcsh

374 ## - OCCUPATION

  • Occupation: University and college faculty members
  • Source of term: lcdgt

377 ## - ASSOCIATED LANGUAGE

  • Language code: eng

400 1# - SEE FROM TRACING--PERSONAL NAME

  • Personal name: Taylor, Shelley

670 ## - SOURCE DATA FOUND

  • Source citation: Fiske, S.T. Social cognition, 1984:
  • Information found: CIP t.p. (Shelley E. Taylor, Univ. of Calif., Los Angeles)

670 ## - SOURCE DATA FOUND

  • Source citation: Her Positive illusions, 1989:
  • Information found: CIP t.p. (Shelley Taylor)

670 ## - SOURCE DATA FOUND

  • Source citation: Sociocultural perspectives, 1996:
  • Information found: CIP t.p. (Shelley E. Taylor, Univ. of Calif., Los Angeles) data sheet (b. 09-10-46) galley (prof. of psych., Univ. of Calif., Los Angeles; Ph.D. in social psychology from Yale Univ.)

Powered by Koha